ACM Transactions on Database Systems

Gespeichert in:
Bibliographische Detailangaben
Format: Schriftenreihe
Veröffentlicht: 1994
Tags: Tag hinzufügen
Keine Tags, Fügen Sie das erste Tag hinzu!

MARC

LEADER 00000nas a22000003a 4500
001 stu64039
005 20141122002945.6
008 011106s1994----------------------------d
040 |a STU  |b slo 
041 0
245 |a ACM Transactions on Database Systems 
260 |c 1994 
500 |a 1-4 
500 |a 4 
773 0 |t ACM Transactions on Database Systems  |w stu_us_cat*stu59351  |x 0362-5915  |7 nnas 
996 |d Vol. 19, 1994  |v Vol. 19  |y 1994  |l EE0103  |s A  |a 24  |w stu64039_0001